00896nam a2200265 a 450000100100000000500170001000800410002702000150006804000250008304100380010808200260014610000330017224000400020524500810024525000110032626000390033730000260037649000260040258600370042853400630046565000220052865000260055070000260057683000280060200001415020250218125615.0091205s2001 sp 000 f spa d a8495501074 aDO-SdBNPbspacBNPHU17aspahpor2Código de idioma MARC aB869.34bS243en, 20011 aSaramago, José,d1922-201010aEnsaio sobre a cegueira.lEspañol10aEnsayo sobre la ceguera /cJosé Saramago ; traducción de Basilio Losada. a7a ed. a[Madrid] :bSuma de Letras,c2001. a439, [7] p. ;c18 cm.1 aPunto de lecturav8/1 aPremio Nobel de literatura, 1998 pTítulo original en portugués:tEnsaio sobre a cegueira 4aNovela portuguesa 4aLiteratura portuguesa1 aLosada, Basilio,etr. 0aPunto de lectura ;v8/1